Countries by Largest Palace - Statistics

General Stats
  • This quiz has been taken 45 times
  • The average score is 6 of 10
Answer Stats
Palace Floor Area (square metres) Country % Correct
Louvre 210,000 France
95%
Forbidden City 150,000 China
92%
Royal Palace of Caserta 235,000 Italy
87%
Royal Palace of Madrid 135,000 Spain
87%
Hofburg 240,000 Austria
66%
Presidential Compound 200,020 Turkey
61%
Malbork Castle 143,000 Poland
47%
Palace of the Parliament 330,000 Romania
47%
Apostolic Palace 162,000 Vatican City
39%
Istana Nurul Iman 200,000 Brunei
21%
No matching quizzes found
Score Distribution
Percent of People with Each Score
Percentile by Number Answered
Your Score History
You have not taken this quiz